000
00459nam a2200181Ia 4500
008
090124s9999 xx 000 0 und d
082
_b
119916
100
_a
मंगेशकर गीता
245
_a
भूषण
250
_a
1
260
_c
1983
300
_a
191+16
600
_a
मंगेशकर गीता
630
_a
भूषण
700
_a
मंगेशकर गीता
730
_a
भूषण
942
_c
BOOK
999
_c
166002
_d
166002